[Event "CZE-chT U12"]
[Site "Jihlava"]
[Date "2022.06.10"]
[Round "1.4"]
[White "Padivy, Jan"]
[Black "Willis, Max"]
[Result "1-0"]
[WhiteElo "1162"]
[BlackElo "1244"]
[PlyCount "57"]
[EventDate "2022.06.10"]
[EventType "team-swiss"]
[EventRounds "9"]
[EventCountry "CZE"]
[SourceTitle "CBM 209 Extra"]
[Source "ChessBase"]
[SourceDate "2022.09.30"]
[SourceVersion "1"]
[SourceVersionDate "2022.09.30"]
[SourceQuality "1"]
[WhiteTeam "Zelezna Hora U12"]
[BlackTeam "Praha Bohemians U12"]
[WhiteTeamCountry "CZE"]
[BlackTeamCountry "CZE"]

1. d4 d5 2. c4 dxc4 3. Nc3 Nf6 4. Nf3 Bf5 5. Bf4 e6 6. e3 Be7 7. Bxc4 0-0 8. 0-0 Nc6 9. Bd3 Bg4 10. h3 Bf5 11. Bxf5 exf5 12. Qd3 Qd7 13. Rfd1 Nb4 14. Ne5 Rfd8 15. Nxd7 Nxd3 16. Nxf6+ Bxf6 17. Rxd3 c5 18. Rad1 c4 19. R3d2 h6 20. b3 Rac8 21. bxc4 Rxc4 22. Nb5 a6 23. Nd6 Rb4 24. Nxf5 Rb6 25. Bc7 Rb5 26. Bxd8 Bxd8 27. Ng3 Bg5 28. d5 Bd8 29. d6 1-0